1624 1244 1425 1128 1846 1075 1421 1593 1239 1076 1784 1815 1399 1541 1619 1867 1660 1249 1196 1719 1684 1472 1906 1570 1160 1636 1910 1973 1185 1812 1525 1045 1789 1270 1672 1027 1784 1461 1564 1835 1677 1670 1922 1895 1155 1911 1384 1866 1251 1157 1125 1280 1685 1599 1772 1974 1906 1034 1285 1934 1635 1121 1802 1190 1123 1977 1533 1158 1998 1466 1192 1218 1083 1925 1181 1810 1703 1834 1919 1557 1373 1291 1790 1123 1207 1557 1030 1497 1027 1483 1279 1024 1223 1485 1884 1185 1575 1162 1927 BCNSPRNW ULIB Ver.6.0+V

เปลี่ยนเป็นภาษาไทย

Change to English
 แสดงรายละเอียดบรรณานุกรม
  กลับหน้าหลัก

Brief Record : Get Marc (ISO 2709) : E-mail record : QR code < ปิดหน้าต่าง
LEADER : 00000nam 2200000uu 4500
001    13399124767
003     ULIB
008    020711s2558 th a 000 0 tha d
020    9786167781044
050  4 DS586^bธ999พ ล.2
100    ธานัฐ ภัทรภาคร์,^eผู้รวบรวม
245    พงศาวดารสยาม เล่ม2 กรุงธนบุรีและกรุงเทพมหานครฯ/^cธานัฐ ภัทรภาคร์,ผู้รวบรวม
250    พิมพ์ครั้งที่ 1
260    นนทบุรี :^bคุ้มเกล้า,^c2558
300    198 หน้า;^b28.5 ซม.
650    ประวัติศาสตร์
650    พงศาวดาร
945    ^p450^l0^i23278
999    ^aทศพร เกษรทอง
รายการนี้ยังไม่มีแท็ก
คุณยังไม่ได้ล็อกอิน คุณสามารถมีกิจกรรมร่วมกับเว็บไซต์ได้ แต่ต้องล็อกอินก่อน ::
  ล็อกอิน

รายการสื่อสารสนเทศ

ลำดับที่ ประเภท เลขเรียก/บาร์โค้ด สถานที่ สถานะ
1. การศึกษาทั่วไป
การศึกษาทั่วไป
DS586 ธ999พ ล.2 ฉ.1 
  Barcode: 23278
ห้องสมุดวิทยาเขตนครสวรรค์
►หนังสือทั่วไป:l:General Books
บนชั้น

รายการใกล้เคียง
    หัวเรื่อง [ประวัติศาสตร์]
    หัวเรื่อง [พงศาวดาร]

BibComment


ยังไม่เคยถูกคอมเมนท์

คอมเมนท์ทรัพยากรรายการนี้
  คอมเมนท์: พงศาวดารสยาม เล่ม..


 Copyright 2026. Bcnsprnw @Library